000 00413nam a2200157 a 4500
001 10983
003 CO-ViMGA
008 141112s2004 ck r 000 u spa d
040 _aCO-ViMGA
_bspa
_cCO-ViMGA
082 0 4 _aCo861.5 I71c
100 1 _aIsaac Jorge,
_915111
245 1 0 _aCuaderno de poesías
260 _aBogotá,
_cInstituto Caro y Cuervo,
_c1990
650 1 4 _aPOESIA COLOMBIANA
_91069
942 _2ddc
_cBK
999 _c22201
_d22201